| 000 | 00878cad a22002295a 4500 | ||
|---|---|---|---|
| 001 | L140151 | ||
| 008 | 070907s2007 xxkd f s 000 0 eng d | ||
| 035 | _a(Sirsi) u140151 | ||
| 041 | 0 | _aeng | |
| 050 | 0 | 4 | _a333.33016 $2 18 |
| 110 | 2 |
_aInvestment Property Databank _92288 |
|
| 245 | 0 | 0 |
_aIPD UK monthly index _bend July 2007 _h[electronic publication] |
| 260 |
_aLondon _bIPD _c2007 |
||
| 490 | 0 |
_aIPD UK Monthly Index _vJuly 2007 |
|
| 520 | _aReports total returns on UK property investments have increased 11.1% over the last twelve months, compared to 12.9% for equities and 0.2% for gilts. | ||
| 590 | _aKA | ||
| 650 | 2 | 4 | _aIPD UK MONTHLY INDEX |
| 651 | 4 |
_aUnited Kingdom _y |
|
| 690 | _aPROPERTY-COMMERCIAL PROPERTY-COMMERCIAL PROPERTY MARKET | ||
| 856 | 4 | 0 |
_uhttps://www.ipdglobal.com/ _zView this item free of charge at the www.ipdglobal.com website. |
| 942 | _n0 | ||
| 999 |
_c107441 _d107441 |
||